Rock Bands A-Z - Statistics

General Stats
  • This quiz has been taken 164 times
  • The average score is 10 of 26
Answer Stats
Song Answer % Correct
Z Sharp Dressed Man ZZ Top
87%
I Run to the Hills Iron Maiden
73%
L Free Bird Lynyrd Skynyrd
72%
K Dust in the Wind Kansas
70%
C Bad Moon Rising Creedence Clearwater Revival
69%
A Whole Lotta Rosie AC/DC
68%
R Tom Sawyer Rush
68%
V Ain't Talkin' 'Bout Love Van Halen
61%
T I Wanna Rock Twisted Sister
59%
O Mr Crowley Ozzy Osbourne
50%
J Painkiller Judas Priest
49%
D Highway Star Deep Purple
43%
F All Right Now Free
41%
W Still of the Night Whitesnake
36%
N Sister Christian Night Ranger
33%
S Big City Nights The Scorpions
29%
Q Operation Mindcrime Queensryche
26%
E Rock The Night Europe
25%
G Once Bitten Twice Shy Great White
24%
B Shooting Star Bad Company
21%
M We are the Road Crew Motorhead
17%
H Silver Machine Hawkwind
10%
U Rock Bottom UFO
10%
Y Don't Stop Runnin' Y & T
4%
P Flirting with Sucicide Praying Mantis
1%
X Walking Evil X-Sinner
1%
No matching quizzes found
Score Distribution
Percent of People with Each Score
Percentile by Number Answered
Your Score History
You have not taken this quiz